000
00340nam a2200145Ia 4500
005
20250603145958.0
008
250603s9999 xx 000 0 und d
050
_a
D 743 .C47
100
_a
Winston S. Churchill
245
0
_a
Triumph and tragedy
260
_b
Houghton Mifflin company
260
_c
1953
300
_a
800 p
942
_c
BK
999
_c
43415
_d
43415